MARC details
| 000 -LEADER |
| fixed length control field |
01335cam a22003737i 4500 |
| 005 - DATE AND TIME OF LATEST TRANSACTION |
| control field |
20230614102542.0 |
| 008 - FIXED-LENGTH DATA ELEMENTS--GENERAL INFORMATION |
| fixed length control field |
170622t20172017njua 001 0 eng d |
| 010 ## - LIBRARY OF CONGRESS CONTROL NUMBER |
| LC control number |
2017946597 |
| 020 ## - INTERNATIONAL STANDARD BOOK NUMBER |
| ISBN |
9781119371847 |
| Qualifying information |
(paperback) |
| 035 ## - SYSTEM CONTROL NUMBER |
| System control number |
(OCoLC)on1001454044 |
| 040 ## - CATALOGING SOURCE |
| Original cataloging agency |
CCE |
| Language of cataloging |
eng |
| Transcribing agency |
CCE |
| Description conventions |
rda |
| Modifying agency |
OCLCO |
| -- |
FM0 |
| -- |
OCO |
| -- |
IMR |
| -- |
CZA |
| -- |
YDX |
| -- |
SINLB |
| -- |
OCLCF |
| -- |
OCLCQ |
| -- |
ZPP |
| -- |
VP@ |
| -- |
IGA |
| -- |
DLC |
| 042 ## - AUTHENTICATION CODE |
| Authentication code |
lccopycat |
| 082 04 - DEWEY DECIMAL CLASSIFICATION NUMBER |
| Classification number |
006.78 |
| Edition number |
23 |
| Item number |
MUE-A |
| 100 1# - MAIN ENTRY--AUTHOR |
| Author Name |
Mueller, John, |
| Dates associated with a name |
1958- |
| 245 10 - TITLE STATEMENT |
| Title |
AWS for developers for dummies / |
| Statement of responsibility, etc. |
by John Paul Mueller. |
| 260 ## - PUBLICATION, DISTRIBUTION, ETC. |
| Place of Publication |
USA |
| Name of publisher, distributor, etc. |
Wiley |
| Date of publication, distribution, etc. |
2017 |
| 300 ## - PHYSICAL DESCRIPTION |
| Pages |
ix, 372 pages : |
| 336 ## - CONTENT TYPE |
| Content type term |
text |
| Content type code |
txt |
| Source |
rdacontent |
| 337 ## - MEDIA TYPE |
| Media type term |
unmediated |
| Media type code |
n |
| Source |
rdamedia |
| 338 ## - CARRIER TYPE |
| Carrier type term |
volume |
| Carrier type code |
nc |
| Source |
rdacarrier |
| 490 1# - SERIES STATEMENT |
| Series Statement |
--For dummies |
| 500 ## - GENERAL NOTE |
| General note |
Includes index. |
| 650 #0 - SUBJECT ADDED ENTRY--TOPICAL TERM |
| Subject / Department |
Cloud computing. |
| 650 #0 - SUBJECT ADDED ENTRY--TOPICAL TERM |
| Subject / Department |
Web services. |
| 650 #7 - SUBJECT ADDED ENTRY--TOPICAL TERM |
| Subject / Department |
COMPUTERS / Enterprise Applications. |
| Source of heading or term |
bisacsh |
| 650 #7 - SUBJECT ADDED ENTRY--TOPICAL TERM |
| Subject / Department |
Cloud computing. |
| Source of heading or term |
fast |
| Authority record control number or standard number |
(OCoLC)fst01745899 |
| 650 #7 - SUBJECT ADDED ENTRY--TOPICAL TERM |
| Subject / Department |
Web services. |
| Source of heading or term |
fast |
| Authority record control number or standard number |
(OCoLC)fst01173242 |
| 246 3# - VARYING FORM OF TITLE |
| Title proper/short title |
Amazon Web Services for developers for dummies |
| 264 #1 - PRODUCTION, PUBLICATION, DISTRIBUTION, MANUFACTURE, AND COPYRIGHT NOTICE |
| Place of production, publication, distribution, manufacture |
Hoboken, New Jersey : |
| Name of producer, publisher, distributor, manufacturer |
John Wiley & Sons, Inc., |
| Date of production, publication, distribution, manufacture, or copyright notice |
[2017] |
| 264 #4 - PRODUCTION, PUBLICATION, DISTRIBUTION, MANUFACTURE, AND COPYRIGHT NOTICE |
| Date of production, publication, distribution, manufacture, or copyright notice |
©2017 |
| 300 ## - PHYSICAL DESCRIPTION |
| -- |
illustrations ; |
| -- |
24 cm. |
| 906 ## - LOCAL DATA ELEMENT F, LDF (RLIN) |
| a |
7 |
| b |
cbc |
| c |
copycat |
| d |
2 |
| e |
epcn |
| f |
20 |
| g |
y-gencatlg |
| 952 ## - LOCATION AND ITEM INFORMATION (KOHA) |
| -- |
0 |
| -- |
0 |
| 952 ## - LOCATION AND ITEM INFORMATION (KOHA) |
| -- |
0 |
| -- |
0 |
| 952 ## - LOCATION AND ITEM INFORMATION (KOHA) |
| -- |
0 |
| -- |
0 |